|
|
|
|
| LEADER |
00000nam a22000007a 4500 |
| 005 |
20130222125959.0 |
| 007 |
cr|||| |||| |
| 008 |
130222e2006 sp |||||s|||| 00| 0 spa d |
| 020 |
|
|
|a 978-84-9948-922-3
|
| 035 |
|
|
|a 7053
|
| 040 |
|
|
|a vLex
|
| 090 |
|
|
|c 3729
|d 3729
|
| 100 |
1 |
0 |
|a Cancio Fernǹdez, Ral︢ C.
|
| 245 |
1 |
3 |
|a La Cita Legal en el Ordenamiento Jurd̕ico Espaǫl
|h [Recurso electrn̤ico]
|
| 256 |
|
|
|a Servicio en ln̕ea
|
| 260 |
|
|
|a Alicante :
|b Editorial Club Universitario,
|c 2006
|
| 300 |
|
|
|a 1 Recurso electrn̤ico
|
| 650 |
0 |
4 |
|a Derecho procesal
|z Espaą
|
| 650 |
0 |
4 |
|a Citacin̤ judicial
|z Espaą
|
| 740 |
|
|
|a vLex Libros (Servicio en ln̕ea)
|
| 856 |
|
|
|a Acceso restringido
|u http://www.vlex.com/source/7053
|
| 942 |
|
|
|c BOOK
|
| 999 |
|
0 |
|a Procedure
|